| 000 -LEADER |
| fixed length control field |
00470nam a22001697a 4500 |
| 005 - DATE AND TIME OF LATEST TRANSACTION |
| control field |
20231009122856.0 |
| 008 - FIXED-LENGTH DATA ELEMENTS--GENERAL INFORMATION |
| fixed length control field |
231009s1995 gw ||||| |||| 00| 0 ger d |
| 020 ## - INTERNATIONAL STANDARD BOOK NUMBER |
| International Standard Book Number |
3929031019 |
| 041 ## - LANGUAGE CODE |
| Language code of text/sound track or separate title |
ger |
| 080 ## - UNIVERSAL DECIMAL CLASSIFICATION NUMBER |
| Universal Decimal Classification number |
745 E-14 |
| 100 ## - MAIN ENTRY--PERSONAL NAME |
| Personal name |
Paul, Eberhard |
| 9 (RLIN) |
20035 |
| 245 ## - TITLE STATEMENT |
| Title |
Schwarzfigurige Vasen / |
| Statement of responsibility, etc. |
Eberhard Paul. |
| 264 ## - PRODUCTION, PUBLICATION, DISTRIBUTION, MANUFACTURE, AND COPYRIGHT NOTICE |
| Place of production, publication, distribution, manufacture |
Leipzig, |
| Date of production, publication, distribution, manufacture, or copyright notice |
1995. |
| 300 ## - PHYSICAL DESCRIPTION |
| Extent |
60 p.; |
| Other physical details |
ill. ; |
| Dimensions |
21 cm. |
| 653 ## - INDEX TERM--UNCONTROLLED |
| keyword |
შავფიგურიანი ვაზები |
| 942 ## - ADDED ENTRY ELEMENTS (KOHA) |
| Source of classification or shelving scheme |
|
| Koha item type |
წიგნი |